000 00565nam a2200193Ii 4500
003 JO-AjNU
008 230605s9999||||xx |||||||||||||| ||und||
040 _aJO-AjNU
_bara
_erda
_cJO-AjNU
041 _aara
050 1 4 _aHQ743.S77 1986
100 3 _aستوبس، ماري,
_eauthor
_916888
245 0 0 _aالزواج والجنس
264 3 1 _aبيروت: المكتبة الثقافية، 1986
300 _a107ص
336 _atext
_btxt
_2rdacontent
337 _aunmediated
_bn
_2rdamedia
338 _avolume
_bnc
_2rdacarrier
650 4 _aالزواج
_916889
999 _aA5104
_c8672
_d8672